Formula One Pole Positions in the 2020s - Statistics

General Stats
  • This quiz has been taken 40 times
  • The average score is 11 of 11
Answer Stats
Poles Teams Nationality Answer % Correct
18 Ferrari Monegasque Charles Leclerc
100%
14 McLaren British Lando Norris
100%
17 Mercedes British Lewis Hamilton
100%
48 Red Bull Dutch Max Verstappen
100%
5 Ferrari Spanish Carlos Sainz
97%
5 McLaren Australian Oscar Piastri
97%
3 Red Bull Mexican Sergio Perez
97%
6 Mercedes British George Russell
94%
9 Mercedes Finnish Valtteri Bottas
94%
1 Racing Point Canadian Lance Stroll
92%
1 Haas Danish Kevin Magnussen
89%
No matching quizzes found
Score Distribution
Percent of People with Each Score
Percentile by Number Answered
Your Score History
You have not taken this quiz